02388 a2200205 45000010006000000050017000060080041000230030015000640400040000790800064001192450097001830200022002802500012003022640034003143000026003485051636003740410008020101000026020188560138020441274020260407155440.0260407a2011 arg spa dAR-UNSa-BCEJYS aAR-UNSa-BCEJYSbspacAR-UNSa-BCEJYS a657-051xProfesional en Ciencias Económicas (Contador...)10aConsultas frecuentespimpuestos, laboral & previsional, sociedades & concursos, contabilidad a978-987-01-1305-8 a5a. ed. 1aBuenos Aires :bErreparc2011 axxvii, 375 p.c27 cm. aSECCIÓN I: Impuestos: 1. Impuestos a las ganancias - 2. Impuesto al valor agregado - 3. Monotributo - 4. Impuesto a la ganancia mínima presunta - 5. Impuesto sobre los bienes personales - 6. Otros impuestos nacionales - 7. Regímenes especiales - 8. Procedimiento fiscal - 9. Facturación y registración - 10. Impuestos provinciales - 11. Actividades económicas - SECCION II: Trabajo y previsión social: 1. Asignaciones familiares-SUAF - 2. Asociaciones gremiales de trabajadores - 3. Contrato de trabajo - 4. Jubilaciones y pensiones - 5. Ley nacional de empleo - 6. Obras sociales - 7. Riesgos del trabajo - 8. Seguro colectivo de vida - SECCIÓN III: Recursos de la seguridad social: 1. Aportes y contribuciones - 2. Asociaciones sindicales - 3. Identificación del contribuyente - 4. Monotributo - 5. Procedimiento - 6. Régimen de retención - 7. Retenciones de cuarta categoría de impuesto a las ganancias - SECCION IV: Regímenes laborales: 1. Comercio - 2. Construcción - 3. Encargados de casas de renta y horizontal - 4. Enseñanza privada - 5. Servicios doméstico - 6. Trabajo agrario - 7. Viajantes de comercio - SECCION V: Sociedades y concursos: 1. Sociedades comerciales - 2. Cooperativas, asociaciones civiles, mutuales y fundaciones - 3. Concurso y quiebras - SECCION VI: Contabilidad y auditoría: 1. Contabilidad - 2. Auditoría - SECCIÓN VII: Consultas de períodos no prescriptos: 1. Impuestos - 2. Trabajo y previsión social - 3. Jubilaciones y pensiones - 4. Recursos de la seguridad social - 5. Regímenes laborales - 6. Sociedades y concursos - 7. Contabilidad y auditoría. aspa1 aCerchiara, Claudia M.41uhttps://biblioeco.unsa.edu.ar/pmb/images/libros/Consultas frecuentes Cerchiara, Claudia M. (2011).jpgyImagen de portadaqimage/jpeg